مصر تريد حلا / (Record no. 5507)
[ view plain ]
| 000 -LEADER | |
|---|---|
| fixed length control field | 00770nac a22001811u 4500 |
| 008 - FIXED-LENGTH DATA ELEMENTS--GENERAL INFORMATION | |
| fixed length control field | 110123t xxu||||| |||| 00| 0 eng d |
| 020 ## - INTERNATIONAL STANDARD BOOK NUMBER | |
| International Standard Book Number | 9770904414 |
| 082 ## - DEWEY DECIMAL CLASSIFICATION NUMBER | |
| Classification number | 309.162 |
| Item number | ه وي |
| 100 ## - MAIN ENTRY--PERSONAL NAME | |
| Personal name | هويدي، فهمي |
| 9 (RLIN) | 8613 |
| 245 ## - TITLE STATEMENT | |
| Title | مصر تريد حلا / |
| Statement of responsibility, etc | فهمي هويدي |
| 260 ## - PUBLICATION, DISTRIBUTION, ETC. (IMPRINT) | |
| Place of publication, distribution, etc | القاهرة : |
| Name of publisher, distributor, etc | دار الشروق ، 1998 |
| Date of publication, distribution, etc | 1998 |
| 300 ## - PHYSICAL DESCRIPTION | |
| Extent | 333ص ؛ |
| Dimensions | 24 سم |
| 511 ## - PARTICIPANT OR PERFORMER NOTE | |
| Participant or performer note | Catalogued by: Sara |
| 651 ## - SUBJECT ADDED ENTRY--GEOGRAPHIC NAME | |
| 9 (RLIN) | 13710 |
| Geographic name | مصر |
| General subdivision | الأحوال الاجتماعية |
| 651 ## - SUBJECT ADDED ENTRY--GEOGRAPHIC NAME | |
| 9 (RLIN) | 13709 |
| Geographic name | مصر |
| General subdivision | الأحوال الاقتصادية |
| 942 ## - ADDED ENTRY ELEMENTS (KOHA) | |
| Item type | Book - Borrowing |
| Call number prefix | 309.162 ه و ي |
| Source of classification or shelving scheme | Dewey Decimal Classification |
| Withdrawn status | Item status | Source of classification or shelving scheme | Damaged status | Not for loan | Home library | Current library | Shelving location | Date acquired | Total Checkouts | Total Renewals | Full call number | Barcode | Date last seen | Date last borrowed | Koha item type |
|---|---|---|---|---|---|---|---|---|---|---|---|---|---|---|---|
| Dewey Decimal Classification | Central Library | Central Library | First floor | 23/01/2011 | 4 | 19 | 309.162ه و ي | 000006920 | 15/07/2025 | 18/03/2014 | Book - Borrowing |